000 00433nam a2200181Ia 4500
001 10131
005 20260306161809.0
008 260306t1974||||xx |||||||||||||| ||spa||
041 _aESP
082 _a901
_bV82
100 _aVogt, Joseph
_eAUT
245 0 _aEl concepto de la historia de Ranke a Toynbee
260 _c1974
300 _a202 páginas :
_c17 cm.
650 _aGEN
654 _aCHU
942 _cLIB
_dJUS
_fJUS
_2ddc
_n
999 _c10131
_d10131